1122 1550 1566 1896 1679 1600 1036 1284 1327 1725 1098 1313 1459 1282 1581 1402 1487 1440 1421 1553 1348 1939 1780 1193 1713 1080 1903 1990 1045 1294 1755 1329 1648 1295 1105 1168 1001 1839 1330 1888 1952 1854 1362 1216 1114 1033 1206 1111 1132 1923 1255 1692 1197 1036 1563 1569 1894 1367 1265 1663 1093 1249 1059 1154 1767 1430 1167 1278 1652 1892 1239 1728 1882 1388 1679 1527 1748 1072 1135 1000 1303 1925 1553 1835 1517 1419 1186 1890 1242 1215 1329 1694 1517 1885 1993 1555 1316 1767 1681 BCNSPRNW ULIB Ver.6.0+V

เปลี่ยนเป็นภาษาไทย

Change to English
 แสดงรายละเอียดบรรณานุกรม
  กลับหน้าหลัก

Brief Record : Get Marc (ISO 2709) : E-mail record : QR code < ปิดหน้าต่าง
LEADER : 00000nam 2200000uu 4500
001    13399123944
003     ULIB
008    020711s2557 th a 000 0 tha d
060    W225.JT3^bพ831
100    ธีระพันธ์ ลิมป์พูน,^eบรรณาธิการ
245    พันหมื่นดาวมาเล่าขาน/^cสำนักงานหลักประกันสุขภาพแห่งชาติ
250    พิมพ์ครั้งที่ 1
260    กรุงเทพฯ :^bสำนักงานหลักประกันสุขภาพแห่งชาติ,^c2557
300    133 หน้า;^b21 ซม.
650    ระบบประกันสุขภาพ^xเรื่องเล่า
700    ชนาทิพย์ มารมย์,^eคณะผู้จัดทำ
700    เพียรพร สันทัด,^eคณะผู้จัดทำ
700    ปาริชาติ คงทอง,^eคณะผู้จัดทำ
700    สุชาติ มีสารภี,^eคณะผู้จัดทำ
710    สำนักงานหลักประกันสุขภาพแห่งชาติ
945    ^p0^l0^i22747
945    ^p0^l0^i22748
รายการนี้ยังไม่มีแท็ก
คุณยังไม่ได้ล็อกอิน คุณสามารถมีกิจกรรมร่วมกับเว็บไซต์ได้ แต่ต้องล็อกอินก่อน ::
  ล็อกอิน

รายการสื่อสารสนเทศ

ลำดับที่ ประเภท เลขเรียก/บาร์โค้ด สถานที่ สถานะ
1. วิทยาศาสตร์การแพทย์ และสุขภาพ
วิทยาศาสตร์การแพทย์ และสุขภาพ
สถานะ=หนังสือเก่า
W225.JT3 พ831 ฉ.1 
  Barcode: 22747
ห้องสมุดวิทยาเขตนครสวรรค์
►ส่วนจัดเก็บหนังสือเก่า นว.
บนชั้น
  ขอยืม
2. วิทยาศาสตร์การแพทย์ และสุขภาพ
วิทยาศาสตร์การแพทย์ และสุขภาพ
สถานะ=หนังสือเก่า
W225.JT3 พ831 ฉ.2 
  Barcode: 22748
ห้องสมุดวิทยาเขตนครสวรรค์
►ส่วนจัดเก็บหนังสือเก่า นว.
บนชั้น
  ขอยืม

BibComment


ยังไม่เคยถูกคอมเมนท์

คอมเมนท์ทรัพยากรรายการนี้
  คอมเมนท์: พันหมื่นดาวมาเล่า..


 Copyright 2026. Bcnsprnw @Library